01538 2200241 4500001002100000005001500021035002000036008004100056245005300097100002500150260004100175300002500216020001500241084001600256520094000272082001001212650002401222863000601246990001101252990001101263990001101274990001101285INLIS00000000000950020260105100637 a0010-0721004759260105 g 0 ind 1 aMasa Prakemerdekaan Putra Sang Fajar 1 1926-19381 aSoleh, Sari Pusparin aBandung :bRemaja Rosda Karya,c2004 avi+65 hlm. ;c28 cm. a9796921287 aA.923 SOL m aMASA PRAKEMRDEKAAN PUTRA SANG FAJAR I Siapa yang tak kenal Bung Karno? Semua orang tahu, Bung Karno adalah salah seorang proklamator kita yang menjadi Presiden Pertama RI. Bung Karno telah berjasa mengantarkan bangsa Indonesia ke gerbang kemerdekaan, tanggal 17 Agustus 1945. Bung Karnolah penyambung lidah rakyat Indonesia. Namun, bagaimana perjuangan hidup Bung Karno dari masa kecilnya sampai menutup mata, mungkin tidak banyak orang yang tahu.Biografi Bung Karno yang dibuat dalam rangka 100 Tahun Bung Karno ini, ditujukan untuk bacaan anak dan remaja. Banyak hal yang dapat diteladani dari perj alanan Putra Sang Fajar ini. Tentang masa kecilnya yang pahit, tentang semangat kebangsaannya, tentang perjuangannya, tentang kisah cintanya, dan masih banyak lagi.Seri-seri Biografi Bung Karno yang akan terbit : Masa Kecil, Masa Remaja, Masa Pemuda, Masa Dewasa, Masa Prakemerdekaan, Masa Kemerdekaan,Masa Pemerintahan, dan Masa Tua. aA.923 4aBiografi Bung Karno a2 a049959 a049960 a049957 a049961